| 000 | nam a22 7a 4500 | ||
|---|---|---|---|
| 999 |
_c4252 _d4252 |
||
| 005 | 20170525164043.0 | ||
| 008 | 170525b1964 cau||||| |||| 00| 0 eng d | ||
| 040 | _aAKMAL | ||
| 082 | _a962 GAR | ||
| 090 |
_a962 _bGAR |
||
| 245 |
_aUnderstanding Egypt (United Arab Republic) / _cMarion Gartler, Caryl Roman, Dixie Lippincott, George L. Hall |
||
| 260 |
_aCalifornia : _bLaidlaw Brothers, _c1964 |
||
| 300 |
_a64p _ccm |
||
| 500 | _aIncludes glossary | ||
| 942 |
_2ddc _cBOOK |
||